小龙查理系列绘本 ( Drawing and coloring ) / (Record no. 10052)

MARC details
000 -LEADER
fixed length control field 00510nam a22001817a 4500
001 - CONTROL NUMBER
control field 10052
003 - CONTROL NUMBER IDENTIFIER
control field FISKH
005 - DATE AND TIME OF LATEST TRANSACTION
control field 20260403112610.0
008 - FIXED-LENGTH DATA ELEMENTS--GENERAL INFORMATION
fixed length control field 260402b cb ||||| |||| 00| 0 eng d
020 ## - INTERNATIONAL STANDARD BOOK NUMBER
International Standard Book Number 9787576011043
040 ## - CATALOGING SOURCE
Original cataloging agency FISKH
Language of cataloging chi
Transcribing agency FISKH
Modifying agency FISKH
082 ## - DEWEY DECIMAL CLASSIFICATION NUMBER
Classification number 843
100 ## - MAIN ENTRY--PERSONAL NAME
Personal name 亚历克斯·固索
245 ## - TITLE STATEMENT
Title 小龙查理系列绘本 ( Drawing and coloring ) /
Statement of responsibility, etc. 亚历克斯·固索
300 ## - PHYSICAL DESCRIPTION
Extent 48 unnumbered pages :
Other physical details illustrations ;
Dimensions 38 cm .
942 ## - ADDED ENTRY ELEMENTS (KOHA)
Source of classification or shelving scheme Dewey Decimal Classification
Koha item type Chinese Book
Suppress in OPAC No
Holdings
Withdrawn status Lost status Source of classification or shelving scheme Damaged status Not for loan Collection Home library Current library Shelving location Date acquired Total Checkouts Full call number Barcode Date last seen Price effective from Koha item type
    Dewey Decimal Classification     Reference Footprints International School Library Network Toul Tom Poung Campus Footprints International School Library Network Toul Tom Poung Campus Librarian's Shelf TTP 04/02/2026   亚历克斯·固索 843 2026-0433 04/02/2026 04/02/2026 Chinese Book